00460nam a2200145Ia 450000500170000000800410001704100080005808200150006610000140008124501090009526000350020430000090023950000280024870000380027620251121142630.0230125s9999 xx 000 0 und d aeng a158.1bADH aAdhia, J. aSpring of InspirationbThings First Happen in the Mind of Man Before They Happen, in This External World bAlpha InternationalaAhmedabad a101p aPersonality Development aAdhia, J. & Anand Asodekar, Donor